000
00276nam a22001217a 4500
008
190129b xxu||||| |||| 00| 0 eng d
041
_a
eng
080
_a
574
100
_a
9
101
_a
MJE
245
_a
An Introduction to Behavioral Ecology
_c
Krebs, J.R
942
_2
udc
_c
BK
999
_c
53896
_d
53896